[Event "Calvia Amateur op 5th"]
[Site "Calvia"]
[Date "2008.10.17"]
[Round "8"]
[White "Cortes Nadal, Eduardo"]
[Black "Eppinger, Georg"]
[Result "1/2-1/2"]
[WhiteElo "2093"]
[BlackElo "2210"]
[PlyCount "28"]
[EventDate "2008.10.10"]
[EventType "swiss"]
[EventRounds "9"]
[EventCountry "ESP"]
[SourceTitle "CBM 126 Extra"]
[Source "ChessBase"]
[SourceDate "2008.11.05"]
[SourceVersion "1"]
[SourceVersionDate "2008.11.05"]
[SourceQuality "1"]

1. e4 c5 2. d4 cxd4 3. Nf3 Nc6 4. Nxd4 Nf6 5. Nc3 d6 6. Bg5 e6 7. Qd2 Be7 8. 0-0-0 0-0 9. Ndb5 Qa5 10. Bxf6 Bxf6 11. a4 Rd8 12. Nxd6 e5 13. Bc4 Be6 14. Bxe6 fxe6 1/2-1/2

[Event "Andratx 2nd"]
[Site "Andratx"]
[Date "2007.10.14"]
[Round "9"]
[White "Cortes Nadal, Eduardo"]
[Black "Ryan, Joseph"]
[Result "0-1"]
[WhiteElo "2106"]
[BlackElo "2364"]
[PlyCount "76"]
[EventDate "2007.10.08"]
[EventType "tourn"]
[EventRounds "9"]
[EventCountry "ESP"]
[EventCategory "3"]
[SourceTitle "CBM 120 Extra"]
[Source "ChessBase"]
[SourceDate "2007.11.01"]
[SourceVersion "1"]
[SourceVersionDate "2007.11.01"]
[SourceQuality "1"]

1. e4 c5 2. d4 cxd4 3. Nf3 Nc6 4. Nxd4 g6 5. c4 Nf6 6. Nc3 d6 7. Be2 Nxd4 8. Qxd4 Bg7 9. Bg5 0-0 10. Qd2 Be6 11. Rc1 Qa5 12. f3 Rfc8 13. b3 a6 14. Na4 Qxd2+ 15. Kxd2 Nd7 16. Bxe7 Bh6+ 17. Kc2 Bxc1 18. Rxc1 b5 19. Nb2 bxc4 20. Bxc4 Ne5 21. Kd2 Nxc4+ 22. Nxc4 Bxc4 23. Rxc4 Rxc4 24. bxc4 Rc8 25. Kd3 Rc6 26. Kd4 Kg7 27. a3 f6 28. Kd5 Rc5+ 29. Kd4 Rg5 30. g4 h5 31. h4 Ra5 32. Bxd6 Kf7 33. Bb4 Re5 34. f4 Re8 35. gxh5 Rd8+ 36. Kc5 gxh5 37. Kb6 Rd4 38. c5 Ke6 0-1

[Event "Andratx 2nd"]
[Site "Andratx"]
[Date "2007.10.11"]
[Round "4"]
[White "Cortes Nadal, Eduardo"]
[Black "Schenk Papke, Andres"]
[Result "1/2-1/2"]
[WhiteElo "2106"]
[BlackElo "2136"]
[PlyCount "30"]
[EventDate "2007.10.08"]
[EventType "tourn"]
[EventRounds "9"]
[EventCountry "ESP"]
[EventCategory "3"]
[SourceTitle "CBM 120 Extra"]
[Source "ChessBase"]
[SourceDate "2007.11.01"]
[SourceVersion "1"]
[SourceVersionDate "2007.11.01"]
[SourceQuality "1"]

1. e4 e5 2. Nf3 Nc6 3. Bb5 a6 4. Ba4 Nf6 5. 0-0 b5 6. Bb3 Be7 7. Re1 0-0 8. c3 d5 9. exd5 Nxd5 10. Nxe5 Nxe5 11. Rxe5 c6 12. d4 Bd6 13. Re1 Qh4 14. g3 Qh3 15. Be3 Be6 1/2-1/2

[Event "Andratx 2nd"]
[Site "Andratx"]
[Date "2007.10.09"]
[Round "2"]
[White "Cortes Nadal, Eduardo"]
[Black "Gonzalez Arribas, Vidal Alejandro"]
[Result "0-1"]
[WhiteElo "2106"]
[BlackElo "2293"]
[PlyCount "68"]
[EventDate "2007.10.08"]
[EventType "tourn"]
[EventRounds "9"]
[EventCountry "ESP"]
[EventCategory "3"]
[SourceTitle "CBM 120 Extra"]
[Source "ChessBase"]
[SourceDate "2007.11.01"]
[SourceVersion "1"]
[SourceVersionDate "2007.11.01"]
[SourceQuality "1"]

1. e4 c5 2. Nf3 g6 3. d4 cxd4 4. Nxd4 Bg7 5. c4 Nc6 6. Be3 Nf6 7. Nc3 0-0 8. Be2 d6 9. 0-0 Bd7 10. Qd2 Nxd4 11. Bxd4 Bc6 12. Qe3 e5 13. Bxa7 Nd7 14. Rfd1 Qc7 15. Rac1 b6 16. Bxb6 Qxb6 17. Qxb6 Nxb6 18. b3 Rfc8 19. Rxd6 Ra6 20. Rdd1 Bf8 21. Rc2 Nd7 22. Bd3 Nc5 23. Re2 Kg7 24. Rb2 Kf6 25. f3 Ke6 26. Nb1 Ra7 27. Nc3 f5 28. Bc2 Bh6 29. exf5+ gxf5 30. Kf2 e4 31. Bb1 Bg7 32. Rc2 Nd3+ 33. Kf1 Nb4 34. Rcc1 Bh6 0-1

[Event "Andratx 2nd"]
[Site "Andratx"]
[Date "2007.10.08"]
[Round "1"]
[White "Glud, Jakob Vang"]
[Black "Cortes Nadal, Eduardo"]
[Result "1/2-1/2"]
[WhiteElo "2448"]
[BlackElo "2106"]
[PlyCount "89"]
[EventDate "2007.10.08"]
[EventType "tourn"]
[EventRounds "9"]
[EventCountry "ESP"]
[EventCategory "3"]
[SourceTitle "CBM 120 Extra"]
[Source "ChessBase"]
[SourceDate "2007.11.01"]
[SourceVersion "1"]
[SourceVersionDate "2007.11.01"]
[SourceQuality "1"]

1. d4 Nf6 2. Nf3 c6 3. c4 e6 4. Nc3 d5 5. cxd5 exd5 6. Bg5 Be7 7. Qc2 Bg4 8. e3 Nbd7 9. Bd3 Bh5 10. Nh4 0-0 11. Nf5 Bg6 12. 0-0 Re8 13. Rab1 Bf8 14. Rfc1 Qc8 15. Ng3 Bxd3 16. Qxd3 h6 17. Bxf6 Nxf6 18. b4 a6 19. h3 Qe6 20. a4 Bd6 21. Nge2 Ne4 22. Nxe4 dxe4 23. Qb3 Qf5 24. Ng3 Qg5 25. Nf1 Re6 26. Qc2 Rae8 27. Qe2 Rg6 28. f4 exf3 29. Qxf3 Rf6 30. Qg4 Qd5 31. Kh1 Qa2 32. Ra1 Qb2 33. Rcb1 Qc2 34. b5 Ree6 35. bxa6 bxa6 36. Rc1 Qb2 37. Qd1 Rf2 38. Rcb1 Qc3 39. Kg1 Ref6 40. Qg4 Qc2 41. Rc1 Qb2 42. Rab1 Qa2 43. Ra1 Qb2 44. Rab1 Qa2 45. Ra1 1/2-1/2